000 00732nam a2200217 i 4500
001 bg
245 0 _aWytyczne ochrony przeciwporażeniowej i pożarowej w rolniczych instalacjach odbiorczych /
_cAntoni Wejher ; Inst. Budownictwa, Mechanizacji i Elektryfikacji Rolnictwa.
260 _aWarszawa :
_bIBMER,
_c1995.
300 _a28 s. ;
_c31 cm.
501 _aBibliogr. s. 26-27.
650 9 _aOchrona przeciwporażeniowa
650 9 _aOchrona przeciwpożarowa
650 9 _aInstalacje elektryczne
650 9 _arolnictwo
710 _aInstytut Budownictwa, Mechanizacji i Elektryfikacji Rolnictwa
040 _cBPK
041 _apl
080 _a699.8:614.84
942 _cKA
008 s pl f |000 0 pol
999 _c24161
_d24161
856 _uhttp://koha.tu.koszalin.pl/cgi-bin/koha/opac-detail.pl?biblionumber=24161
_yKatalog online BPK